Diccionario harper collins pocket /

Guardado en:
Formato: Libro
Publicado: Argentina : Grijalbo, 1990
Etiquetas: Agregar Etiqueta
Sin Etiquetas, Sea el primero en etiquetar este registro!
LEADER 00653nam a22001695a 4500
001 CEM.cems008870
008 130507s1990##################000#0#####d
005 20241217130310.0
245 0 0 |a Diccionario harper collins pocket / 
260 |a Argentina :  |b Grijalbo,  |c 1990 
300 |a 227 p.1 
082 0 4 |a 423.6 
859 |a CEMS  |b BIB. CEMS - 11 de abril  |h 423.6  |i H232  |p 18389.95  |t Ej.1 
859 |a CEMS  |b BIB. CEMS - 11 de abril  |h 423.6  |i H232  |p 18390.95  |t Ej.2 
859 |a CEMS  |b BIB. CEMS - 11 de abril  |h 423.6  |i H232  |p 18972.96  |t Ej.5 
859 |a CEMS  |b BIB. CEMS - 11 de abril  |h 423.6  |i H232  |p 18973.96  |t Ej.6 
859 |a CEMS  |b BIB. CEMS - 11 de abril  |h 423.6  |i H232  |p 18976.96  |t Ej.9